[Event "Summer Prague Open 2021 - A"]
[Site "?"]
[Date "2021.08.10"]
[Round "6.7"]
[White "Neukirchner, Pascal"]
[Black "Toman, Ondrej"]
[Result "0-1"]
[BlackElo "2196"]
[WhiteElo "2266"]
[LiveChessVersion "1.4.8"]

1. d4 {[%clk 1:30:57]} d5 {[%clk 1:30:59]} 2. c4 {[%clk 1:31:15]} c6
{[%clk 1:31:27]} 3. Nf3 {[%clk 1:31:31]} Nf6 {[%clk 1:31:53]} 4. e3
{[%clk 1:31:55]} Bg4 {[%clk 1:31:54]} 5. h3 {[%clk 1:32:08]} Bh5 {[%clk 1:32:18]}
6. g4 {[%clk 1:32:23]} Bg6 {[%clk 1:32:42]} 7. Ne5 {[%clk 1:32:45]} e6
{[%clk 1:30:45]} 8. Nd2 {[%clk 1:27:35]} Nbd7 {[%clk 1:18:38]} 9. Nxg6
{[%clk 1:27:17]} hxg6 {[%clk 1:18:58]} 10. Bg2 {[%clk 1:23:56]} g5
{[%clk 1:15:42]} 11. O-O {[%clk 1:21:24]} Be7 {[%clk 1:11:13]} 12. Re1
{[%clk 1:19:32]} Qc7 {[%clk 1:01:06]} 13. e4 {[%clk 1:17:02]} dxe4
{[%clk 0:58:23]} 14. Nxe4 {[%clk 1:17:02]} Nxe4 {[%clk 0:58:42]} 15. Rxe4
{[%clk 1:17:24]} O-O-O {[%clk 0:57:17]} 16. Re3 {[%clk 0:59:31]} Nb6
{[%clk 0:47:40]} 17. b3 {[%clk 0:47:57]} Bf6 {[%clk 0:47:45]} 18. Rd3
{[%clk 0:45:00]} e5 {[%clk 0:40:23]} 19. Bb2 {[%clk 0:39:26]} exd4
{[%clk 0:39:54]} 20. Bxd4 {[%clk 0:39:15]} Rxd4 {[%clk 0:39:06]} 21. Rxd4
{[%clk 0:39:34]} Qe5 {[%clk 0:39:26]} 22. c5 {[%clk 0:38:12]} Qxd4
{[%clk 0:39:16]} 0-1

[Event "Summer Prague Open 2021 - A"]
[Site "?"]
[Date "2021.08.10"]
[Round "6.8"]
[White "Froeyman, Helmut"]
[Black "Brozka, Karel"]
[Result "1-0"]
[BlackElo "2054"]
[WhiteElo "2260"]
[LiveChessVersion "1.4.8"]

1. e4 {[%clk 1:30:57]} d5 {[%clk 1:30:45]} 2. exd5 {[%clk 1:31:10]} Nf6
{[%clk 1:30:48]} 3. d4 {[%clk 1:31:12]} Nxd5 {[%clk 1:31:02]} 4. Nf3
{[%clk 1:30:52]} g6 {[%clk 1:31:16]} 5. c4 {[%clk 1:20:18]} Nb6 {[%clk 1:31:25]}
6. Nc3 {[%clk 1:14:17]} Bg7 {[%clk 1:30:49]} 7. h3 {[%clk 1:11:31]} O-O
{[%clk 1:30:53]} 8. Be2 {[%clk 1:09:59]} Nc6 {[%clk 1:30:53]} 9. Be3
{[%clk 1:10:24]} e5 {[%clk 1:30:52]} 10. d5 {[%clk 1:10:47]} Ne7 {[%clk 1:31:05]}
11. g4 {[%clk 1:11:11]} f5 {[%clk 1:30:23]} 12. Qb3 {[%clk 1:08:59]} e4
{[%clk 1:26:01]} 13. Ng5 {[%clk 1:08:19]} h6 {[%clk 1:25:16]} 14. O-O-O
{[%clk 1:02:20]} hxg5 {[%clk 1:08:04]} 15. c5 {[%clk 0:54:47]} Nbxd5
{[%clk 1:01:45]} 16. Nxd5 {[%clk 0:52:35]} Be6 {[%clk 1:01:26]} 17. Bc4
{[%clk 0:42:48]} Nxd5 {[%clk 1:00:23]} 18. Bxd5 {[%clk 0:43:01]} Bxd5
{[%clk 1:00:35]} 19. Rxd5 {[%clk 0:43:20]} Qe8 {[%clk 1:00:11]} 20. Rxf5+
{[%clk 0:37:36]} Rf7 {[%clk 0:55:34]} 21. Rxg5 {[%clk 0:27:04]} Qc6
{[%clk 0:50:12]} 22. Rd5 {[%clk 0:22:51]} a5 {[%clk 0:37:59]} 23. Rhd1
{[%clk 0:14:54]} a4 {[%clk 0:31:09]} 24. Rd8+ {[%clk 0:15:09]} Rxd8
{[%clk 0:31:25]} 25. Rxd8+ {[%clk 0:15:34]} Bf8 {[%clk 0:31:36]} 26. Qd5
{[%clk 0:11:22]} Qf6 {[%clk 0:22:43]} 27. Ra8 {[%clk 0:08:14]} a3
{[%clk 0:19:22]} 28. Rxa3 {[%clk 0:08:19]} Bg7 {[%clk 0:19:07]} 29. Rb3
{[%clk 0:07:26]} c6 {[%clk 0:19:02]} 30. Qxe4 {[%clk 0:07:31]} Re7
{[%clk 0:19:16]} 31. Qc2 {[%clk 0:07:24]} Qf3 {[%clk 0:18:15]} 32. Qxg6
{[%clk 0:05:35]} Qh1+ {[%clk 0:16:18]} 33. Kc2 {[%clk 0:05:32]} Qf1
{[%clk 0:16:26]} 34. Rd3 {[%clk 0:03:01]} Qe2+ {[%clk 0:16:18]} 35. Bd2
{[%clk 0:03:26]} Re8 {[%clk 0:16:20]} 36. a3 {[%clk 0:01:38]} Kh8
{[%clk 0:15:40]} 37. b3 {[%clk 0:00:51]} Qe7 {[%clk 0:12:43]} 38. Qh5+
{[%clk 0:01:13]} Kg8 {[%clk 0:13:06]} 39. Re3 {[%clk 0:01:24]} Be5
{[%clk 0:12:47]} 40. Bc3 {[%clk 0:01:23]} Qxc5 {[%clk 0:13:01]} 41. Qxe8+ 1-0

[Event "Summer Prague Open 2021 - A"]
[Site "?"]
[Date "2021.08.10"]
[Round "6.9"]
[White "Gnojek, Petr"]
[Black "Pap, Gyula"]
[Result "1-0"]
[BlackElo "2519"]
[WhiteElo "2205"]
[LiveChessVersion "1.4.8"]

1. d4 {[%clk 1:30:56]} Nf6 {[%clk 1:29:19]} 2. c4 {[%clk 1:31:09]} e6
{[%clk 1:29:37]} 3. Nf3 {[%clk 1:31:23]} b6 {[%clk 1:28:49]} 4. g3
{[%clk 1:28:14]} Ba6 {[%clk 1:29:11]} 5. Qa4 {[%clk 1:24:16]} Bb7
{[%clk 1:23:45]} 6. Bg2 {[%clk 1:24:20]} c5 {[%clk 1:24:03]} 7. O-O
{[%clk 1:20:36]} Na6 {[%clk 1:19:27]} 8. Nc3 {[%clk 1:17:52]} cxd4
{[%clk 1:18:17]} 9. Nxd4 {[%clk 1:18:12]} Bxg2 {[%clk 1:15:41]} 10. Kxg2
{[%clk 1:18:37]} Qc8 {[%clk 1:15:06]} 11. Bg5 {[%clk 1:13:23]} Be7
{[%clk 1:11:29]} 12. e4 {[%clk 1:09:41]} Nc5 {[%clk 0:54:48]} 13. Qc2
{[%clk 1:10:03]} d6 {[%clk 0:54:33]} 14. Rad1 {[%clk 1:04:45]} a6
{[%clk 0:53:39]} 15. Qe2 {[%clk 0:57:34]} Qb7 {[%clk 0:49:49]} 16. f3
{[%clk 0:54:42]} Rc8 {[%clk 0:48:38]} 17. b4 {[%clk 0:48:59]} Ncd7
{[%clk 0:45:22]} 18. Nd5 {[%clk 0:48:32]} Nxd5 {[%clk 0:13:41]} 19. exd5
{[%clk 0:48:39]} Bxg5 {[%clk 0:14:03]} 20. Nf5 {[%clk 0:45:57]} O-O
{[%clk 0:11:47]} 21. Nxd6 {[%clk 0:46:20]} Qc7 {[%clk 0:11:37]} 22. dxe6
{[%clk 0:46:16]} Nb8 {[%clk 0:10:54]} 23. exf7+ {[%clk 0:44:10]} Rxf7
{[%clk 0:11:18]} 24. Qe6 {[%clk 0:44:04]} Rcf8 {[%clk 0:11:32]} 25. Rfe1
{[%clk 0:38:09]} Be7 {[%clk 0:11:44]} 26. Nxf7 {[%clk 0:38:33]} Rxf7
{[%clk 0:12:09]} 27. Re5 {[%clk 0:33:55]} g6 {[%clk 0:10:17]} 28. Red5
{[%clk 0:33:24]} Bxb4 {[%clk 0:08:01]} 29. Rd8+ {[%clk 0:33:35]} Bf8
{[%clk 0:08:05]} 30. Rxb8 {[%clk 0:33:48]} 1-0

[Event "Summer Prague Open 2021 - A"]
[Site "?"]
[Date "2021.08.10"]
[Round "6.10"]
[White "Shehzad, Shazil"]
[Black "Kulhanek, Tomas"]
[Result "1-0"]
[BlackElo "2314"]
[WhiteElo "2196"]
[LiveChessVersion "1.4.8"]

1. e4 {[%clk 1:30:58]} e6 {[%clk 1:26:21]} 2. d4 {[%clk 1:31:02]} d5
{[%clk 1:26:42]} 3. Nc3 {[%clk 1:31:29]} Bb4 {[%clk 1:25:25]} 4. exd5
{[%clk 1:27:06]} exd5 {[%clk 1:24:03]} 5. Bd3 {[%clk 1:25:29]} Nc6
{[%clk 1:24:12]} 6. a3 {[%clk 1:25:15]} Ba5 {[%clk 1:23:59]} 7. Nge2
{[%clk 1:21:35]} Nge7 {[%clk 1:23:00]} 8. O-O {[%clk 1:21:00]} O-O
{[%clk 1:22:52]} 9. Na4 {[%clk 1:05:28]} Bf5 {[%clk 1:19:37]} 10. Nc5
{[%clk 1:03:54]} Rb8 {[%clk 1:16:24]} 11. b4 {[%clk 0:59:31]} Bb6
{[%clk 1:16:41]} 12. Nb3 {[%clk 0:46:03]} Qd7 {[%clk 1:08:27]} 13. c3
{[%clk 0:32:11]} Ng6 {[%clk 1:04:55]} 14. a4 {[%clk 0:30:23]} a5 {[%clk 1:04:04]}
15. b5 {[%clk 0:27:16]} Nce7 {[%clk 1:04:02]} 16. Ng3 {[%clk 0:27:17]} Bxd3
{[%clk 1:03:41]} 17. Qxd3 {[%clk 0:27:44]} Rfe8 {[%clk 0:59:26]} 18. Ba3
{[%clk 0:27:30]} Nf4 {[%clk 0:57:38]} 19. Qf3 {[%clk 0:27:26]} Neg6
{[%clk 0:57:52]} 20. Nh5 {[%clk 0:14:11]} Nxh5 {[%clk 0:53:51]} 21. Qxh5
{[%clk 0:14:31]} Qe6 {[%clk 0:42:52]} 22. g3 {[%clk 0:09:51]} Qe4
{[%clk 0:38:53]} 23. Rac1 {[%clk 0:06:59]} Re6 {[%clk 0:30:47]} 24. Rfe1
{[%clk 0:07:18]} Qxe1+ {[%clk 0:29:53]} 25. Rxe1 {[%clk 0:07:45]} Rxe1+
{[%clk 0:30:18]} 26. Kg2 {[%clk 0:08:13]} Rd8 {[%clk 0:26:46]} 27. Qg5
{[%clk 0:06:38]} Ree8 {[%clk 0:23:49]} 28. h4 {[%clk 0:06:42]} h6
{[%clk 0:23:52]} 29. Qf5 {[%clk 0:06:07]} Re6 {[%clk 0:22:45]} 30. h5
{[%clk 0:06:07]} Ne7 {[%clk 0:21:03]} 31. Qg4 {[%clk 0:05:30]} Kh8
{[%clk 0:19:45]} 32. Nd2 {[%clk 0:04:14]} c6 {[%clk 0:17:16]} 33. Nf1
{[%clk 0:03:13]} Ng8 {[%clk 0:15:29]} 34. Ne3 {[%clk 0:03:01]} Nf6
{[%clk 0:15:46]} 35. Qd1 {[%clk 0:02:55]} cxb5 {[%clk 0:13:46]} 36. axb5
{[%clk 0:03:05]} g6 {[%clk 0:04:29]} 37. hxg6 {[%clk 0:03:11]} fxg6
{[%clk 0:04:58]} 38. Qf3 {[%clk 0:02:51]} Kg7 {[%clk 0:04:25]} 39. c4
{[%clk 0:01:47]} Bxd4 {[%clk 0:02:59]} 40. Nxd5 {[%clk 0:00:41]} Nxd5
{[%clk 0:00:43]} 41. cxd5 {[%clk 0:30:28]} Ree8 {[%clk 0:24:53]} 42. d6
{[%clk 0:29:39]} Rf8 {[%clk 0:19:26]} 43. Qxb7+ {[%clk 0:26:57]} Rf7
{[%clk 0:19:55]} 44. Qe4 {[%clk 0:24:00]} Rxf2+ {[%clk 0:15:41]} 45. Kh3
{[%clk 0:24:06]} Bf6 {[%clk 0:15:53]} 46. Qb7+ {[%clk 0:22:57]} Kg8
{[%clk 0:16:13]} 47. Qd5+ {[%clk 0:22:59]} Kg7 {[%clk 0:16:30]} 48. Bc5
{[%clk 0:21:03]} Rf5 {[%clk 0:14:09]} 49. Qc6 {[%clk 0:20:00]} g5
{[%clk 0:09:16]} 50. b6 {[%clk 0:19:11]} h5 {[%clk 0:09:02]} 51. b7
{[%clk 0:18:49]} Kg6 {[%clk 0:05:30]} 52. Ba7 {[%clk 0:17:54]} Re5
{[%clk 0:05:10]} 53. Qc2+ {[%clk 0:18:01]} Kh6 {[%clk 0:05:08]} 54. b8=Q
{[%clk 0:16:22]} Rxb8 {[%clk 0:04:58]} 55. Bxb8 {[%clk 0:16:29]} Rb5
{[%clk 0:04:50]} 56. Qc8 {[%clk 0:12:57]} 1-0

[Event "Summer Prague Open 2021 - A"]
[Site "?"]
[Date "2021.08.10"]
[Round "6.11"]
[White "Svanda, Ondrej"]
[Black "Nemec, Jachym"]
[Result "1/2-1/2"]
[BlackElo "2191"]
[WhiteElo "2312"]
[LiveChessVersion "1.4.8"]

1. g3 {[%clk 1:30:56]} Nf6 {[%clk 1:30:29]} 2. Bg2 {[%clk 1:31:07]} d5
{[%clk 1:30:40]} 3. Nf3 {[%clk 1:29:21]} g6 {[%clk 1:29:31]} 4. c4
{[%clk 1:29:49]} dxc4 {[%clk 1:29:14]} 5. Qa4+ {[%clk 1:28:22]} Nfd7
{[%clk 1:29:30]} 6. Qxc4 {[%clk 1:28:18]} Bg7 {[%clk 1:29:52]} 7. h4
{[%clk 1:28:44]} Nb6 {[%clk 1:29:45]} 8. Qc2 {[%clk 1:28:58]} h5 {[%clk 1:14:02]}
9. d3 {[%clk 1:29:07]} Nc6 {[%clk 1:14:18]} 10. O-O {[%clk 1:29:05]} Bg4
{[%clk 1:14:36]} 11. Be3 {[%clk 1:22:08]} Nd5 {[%clk 1:12:39]} 12. Bc5
{[%clk 1:20:11]} Qd7 {[%clk 1:08:30]} 13. Nc3 {[%clk 1:15:38]} Nxc3
{[%clk 1:08:21]} 14. bxc3 {[%clk 1:16:04]} Bh3 {[%clk 1:02:16]} 15. Bxh3
{[%clk 1:09:44]} Qxh3 {[%clk 1:02:29]} 16. Qb3 {[%clk 1:10:12]} Qc8
{[%clk 1:02:06]} 17. Rab1 {[%clk 1:05:30]} b6 {[%clk 1:02:11]} 18. Ba3
{[%clk 0:58:43]} Qd7 {[%clk 0:58:49]} 19. c4 {[%clk 0:50:53]} O-O
{[%clk 0:58:59]} 20. Bb2 {[%clk 0:51:17]} e5 {[%clk 0:58:17]} 21. Qb5
{[%clk 0:48:49]} Rfe8 {[%clk 0:57:38]} 22. Ng5 {[%clk 0:39:26]} Rad8
{[%clk 0:54:35]} 23. Bc3 {[%clk 0:33:24]} Nd4 {[%clk 0:48:23]} 24. Bxd4
{[%clk 0:23:30]} exd4 {[%clk 0:48:44]} 25. Qxd7 {[%clk 0:23:58]} Rxd7
{[%clk 0:49:06]} 26. Rfe1 {[%clk 0:24:22]} Bf8 {[%clk 0:49:23]} 27. Kf1
{[%clk 0:22:09]} a5 {[%clk 0:49:47]} 28. Rec1 {[%clk 0:21:19]} Bb4
{[%clk 0:49:13]} 29. Rc2 {[%clk 0:21:26]} f6 {[%clk 0:48:36]} 30. Ne4
{[%clk 0:21:08]} Kf7 {[%clk 0:49:00]} 31. c5 {[%clk 0:19:12]} Re6
{[%clk 0:32:23]} 32. cxb6 {[%clk 0:19:34]} cxb6 {[%clk 0:32:48]} 33. a4
{[%clk 0:17:32]} Ke7 {[%clk 0:32:48]} 34. Rc4 {[%clk 0:17:53]} f5
{[%clk 0:19:49]} 35. Ng5 {[%clk 0:17:00]} Red6 {[%clk 0:20:18]} 36. Rbc1
{[%clk 0:14:11]} Bc5 {[%clk 0:17:46]} 37. Rb1 {[%clk 0:13:52]} Bb4
{[%clk 0:18:07]} 38. Rbc1 {[%clk 0:14:02]} Bc5 {[%clk 0:18:30]} 39. Nf3
{[%clk 0:13:12]} Rd5 {[%clk 0:17:20]} 40. R1c2 {[%clk 0:13:01]} Kd6
{[%clk 0:15:50]} 41. e4 {[%clk 0:07:05]} dxe3 {[%clk 0:28:16]} 42. d4
{[%clk 0:37:32]} Bb4 {[%clk 0:28:29]} 43. fxe3 {[%clk 0:37:38]} b5
{[%clk 0:27:37]} 44. Rc6+ {[%clk 0:35:23]} Ke7 {[%clk 0:28:05]} 45. axb5
{[%clk 0:34:53]} Rxb5 {[%clk 0:28:30]} 46. Rxg6 {[%clk 0:34:50]} Rdb7
{[%clk 0:27:57]} 47. Rcc6 {[%clk 0:24:07]} a4 {[%clk 0:26:33]} 48. Ne5
{[%clk 0:24:20]} a3 {[%clk 0:25:29]} 49. Rce6+ {[%clk 0:24:33]} Kf8
{[%clk 0:24:58]} 50. Ref6+ {[%clk 0:23:46]} Ke8 {[%clk 0:25:22]} 51. Re6+
{[%clk 0:15:00]} Kf8 {[%clk 0:25:43]} 52. Ra6 {[%clk 0:05:44]} Ba5
{[%clk 0:19:30]} 53. Raf6+ {[%clk 0:05:13]} Ke8 {[%clk 0:19:08]} 54. Re6+
{[%clk 0:05:36]} Kf8 {[%clk 0:19:27]} 55. Ref6+ {[%clk 0:03:35]} Ke8
{[%clk 0:19:52]} 56. Re6+ {[%clk 0:02:10]} Kf8 {[%clk 0:20:17]} 57. Ref6+
{[%clk 0:02:37]} 1/2-1/2

[Event "Summer Prague Open 2021 - A"]
[Site "?"]
[Date "2021.08.10"]
[Round "6.13"]
[White "Hartge, Gedeon"]
[Black "Nytra, Ondrej"]
[Result "0-1"]
[BlackElo "2171"]
[WhiteElo "2254"]
[LiveChessVersion "1.4.8"]

1. d4 {[%clk 1:30:58]} d5 {[%clk 1:30:56]} 2. c4 {[%clk 1:31:24]} e6
{[%clk 1:31:24]} 3. Nc3 {[%clk 1:31:49]} c6 {[%clk 1:31:51]} 4. e3
{[%clk 1:32:11]} Nf6 {[%clk 1:32:17]} 5. Nf3 {[%clk 1:32:37]} Nbd7
{[%clk 1:32:44]} 6. Qc2 {[%clk 1:32:58]} Bd6 {[%clk 1:33:06]} 7. b3
{[%clk 1:33:19]} O-O {[%clk 1:33:32]} 8. Be2 {[%clk 1:33:41]} b6 {[%clk 1:33:58]}
9. Bb2 {[%clk 1:34:02]} Bb7 {[%clk 1:34:24]} 10. O-O {[%clk 1:34:21]} Qe7
{[%clk 1:34:48]} 11. Rad1 {[%clk 1:34:43]} Rfd8 {[%clk 1:35:14]} 12. Rfe1
{[%clk 1:33:55]} Bb4 {[%clk 1:35:37]} 13. Qc1 {[%clk 1:23:49]} Ne4
{[%clk 1:31:16]} 14. Bd3 {[%clk 1:14:54]} Ndf6 {[%clk 1:30:34]} 15. Ne5
{[%clk 1:04:26]} c5 {[%clk 1:24:10]} 16. dxc5 {[%clk 0:19:03]} Nxc5
{[%clk 1:23:25]} 17. Bf1 {[%clk 0:11:47]} Rac8 {[%clk 1:21:41]} 18. Qa1
{[%clk 0:10:44]} Nfe4 {[%clk 1:15:49]} 19. f3 {[%clk 0:06:29]} Nxc3
{[%clk 1:00:39]} 20. Bxc3 {[%clk 0:06:57]} Bxc3 {[%clk 1:01:02]} 21. Qxc3
{[%clk 0:07:23]} dxc4 {[%clk 1:00:58]} 22. Nxc4 {[%clk 0:06:39]} Qg5
{[%clk 0:45:03]} 23. Qe5 {[%clk 0:06:33]} Qxe5 {[%clk 0:45:07]} 24. Nxe5
{[%clk 0:07:00]} Ba6 {[%clk 0:43:03]} 25. Bxa6 {[%clk 0:03:48]} Nxa6
{[%clk 0:43:23]} 26. Nc6 {[%clk 0:03:40]} Rxd1 {[%clk 0:42:14]} 27. Rxd1
{[%clk 0:04:07]} Kf8 {[%clk 0:42:24]} 28. Nxa7 {[%clk 0:04:09]} Rc2
{[%clk 0:42:22]} 29. Rd6 {[%clk 0:04:03]} Nb4 {[%clk 0:40:05]} 30. a3
{[%clk 0:03:09]} Nd5 {[%clk 0:39:27]} 31. Nc6 {[%clk 0:03:20]} g6
{[%clk 0:38:36]} 32. Nb4 {[%clk 0:03:24]} Rc1+ {[%clk 0:35:20]} 33. Kf2
{[%clk 0:03:52]} Ke7 {[%clk 0:34:30]} 34. Rxd5 {[%clk 0:03:26]} exd5
{[%clk 0:34:47]} 35. Nxd5+ {[%clk 0:03:51]} Kd8 {[%clk 0:34:00]} 36. a4
{[%clk 0:01:32]} b5 {[%clk 0:28:23]} 37. axb5 {[%clk 0:01:45]} Rc5
{[%clk 0:26:51]} 38. e4 {[%clk 0:02:09]} Rxb5 {[%clk 0:27:18]} 39. b4
{[%clk 0:02:36]} f5 {[%clk 0:25:31]} 40. Ke3 {[%clk 0:02:56]} fxe4
{[%clk 0:25:57]} 41. fxe4 {[%clk 0:02:58]} Kd7 {[%clk 0:23:52]} 42. h4
{[%clk 0:23:11]} Kd6 {[%clk 0:49:37]} 43. Kd4 {[%clk 0:16:38]} Rb7
{[%clk 0:50:00]} 44. g4 {[%clk 0:13:52]} Rf7 {[%clk 0:41:18]} 45. b5
{[%clk 0:07:33]} Rf1 {[%clk 0:39:45]} 46. e5+ {[%clk 0:07:30]} Ke6
{[%clk 0:39:49]} 47. Nc7+ {[%clk 0:07:30]} Kd7 {[%clk 0:40:14]} 48. b6
{[%clk 0:05:15]} Kc6 49. Ke4 {[%clk 0:04:45]} Kxb6 {[%clk 0:25:20]} 50. Nd5+
{[%clk 0:04:57]} Kc6 {[%clk 0:25:41]} 51. Nf6 {[%clk 0:05:18]} h6
{[%clk 0:26:09]} 52. h5 {[%clk 0:04:42]} g5 {[%clk 0:24:47]} 53. Ng8
{[%clk 0:03:00]} Rf4+ {[%clk 0:25:12]} 54. Ke3 {[%clk 0:03:26]} Kd5
{[%clk 0:23:55]} 55. Nxh6 {[%clk 0:02:59]} Kxe5 {[%clk 0:24:21]} 56. Ke2
{[%clk 0:02:57]} Ra4 {[%clk 0:20:39]} 57. Kf3 {[%clk 0:00:48]} Ra3+
{[%clk 0:21:06]} 58. Kg2 {[%clk 0:01:07]} Kf4 {[%clk 0:21:20]} 59. Kh2
{[%clk 0:01:09]} Ra6 {[%clk 0:20:25]} 60. Nf7 {[%clk 0:01:07]} Ra7
{[%clk 0:20:14]} 61. Nh6 {[%clk 0:01:13]} Rh7 {[%clk 0:18:31]} 62. Ng8
{[%clk 0:01:38]} Rh8 {[%clk 0:18:49]} 63. Nf6 {[%clk 0:01:26]} Rf8
{[%clk 0:19:06]} 64. Nd7 {[%clk 0:01:11]} Rf7 {[%clk 0:19:28]} 0-1

[Event "Summer Prague Open 2021 - A"]
[Site "?"]
[Date "2021.08.10"]
[Round "6.14"]
[White "Krivanek, Vladimir"]
[Black "Mueer, Sebastian"]
[Result "0-1"]
[BlackElo "2246"]
[WhiteElo "2166"]
[LiveChessVersion "1.4.8"]

1. b4 {[%clk 1:22:46]} e5 {[%clk 1:23:52]} 2. a3 {[%clk 1:21:31]} a5
{[%clk 1:23:09]} 3. b5 {[%clk 1:18:00]} d5 {[%clk 1:23:25]} 4. Bb2
{[%clk 1:16:26]} Bd6 {[%clk 1:23:52]} 5. Nf3 {[%clk 1:16:04]} Qe7
{[%clk 1:16:45]} 6. e3 {[%clk 1:12:46]} c5 {[%clk 1:15:12]} 7. bxc6
{[%clk 1:03:58]} Nxc6 {[%clk 1:06:28]} 8. d4 {[%clk 1:01:53]} e4 {[%clk 1:04:19]}
9. Nfd2 {[%clk 1:01:56]} f5 {[%clk 1:01:48]} 10. c4 {[%clk 0:58:12]} Nf6
{[%clk 0:52:34]} 11. Nc3 {[%clk 0:55:35]} Be6 {[%clk 0:40:36]} 12. Qb3
{[%clk 0:38:03]} a4 {[%clk 0:35:01]} 13. Nxa4 {[%clk 0:35:21]} Na5
{[%clk 0:22:02]} 14. Qc2 {[%clk 0:28:20]} Qc7 {[%clk 0:22:11]} 15. c5
{[%clk 0:27:02]} O-O {[%clk 0:20:43]} 16. g3 {[%clk 0:14:48]} Ng4
{[%clk 0:20:18]} 17. Nc3 {[%clk 0:10:59]} Be7 {[%clk 0:17:29]} 18. Ne2
{[%clk 0:08:22]} g5 {[%clk 0:14:30]} 19. h3 {[%clk 0:04:35]} Nf6 {[%clk 0:11:56]}
20. h4 {[%clk 0:04:23]} h6 {[%clk 0:12:04]} 21. hxg5 {[%clk 0:02:58]} hxg5
{[%clk 0:12:33]} 22. Bh3 {[%clk 0:02:30]} Kg7 {[%clk 0:12:17]} 23. O-O-O
{[%clk 0:02:20]} b5 {[%clk 0:11:28]} 24. f3 {[%clk 0:01:49]} Nc4 {[%clk 0:11:21]}
25. Nxc4 {[%clk 0:01:54]} bxc4 {[%clk 0:11:49]} 26. Bg2 {[%clk 0:01:49]} Rfb8
{[%clk 0:10:50]} 27. fxe4 {[%clk 0:01:35]} fxe4 {[%clk 0:10:52]} 28. Nc3
{[%clk 0:01:27]} Qxg3 {[%clk 0:10:42]} 29. Qd2 {[%clk 0:01:37]} Rb3
{[%clk 0:08:05]} 30. Rdg1 {[%clk 0:01:02]} Rh8 {[%clk 0:04:08]} 31. Rxh8
{[%clk 0:00:35]} Kxh8 {[%clk 0:04:30]} 32. Nd1 {[%clk 0:00:32]} Bg4
{[%clk 0:03:54]} 33. Rh1+ {[%clk 0:00:43]} Kg7 {[%clk 0:04:20]} 34. Nc3
{[%clk 0:00:50]} Bd8 {[%clk 0:03:47]} 35. Kc2 {[%clk 0:00:46]} Qb8
{[%clk 0:03:36]} 36. Kc1 {[%clk 0:00:39]} Ba5 {[%clk 0:03:53]} 37. a4
{[%clk 0:00:34]} Bxc3 {[%clk 0:04:11]} 38. Bxc3 {[%clk 0:00:38]} Rb1+
{[%clk 0:04:35]} 39. Kc2 {[%clk 0:01:05]} Qb3# 0-1

[Event "Summer Prague Open 2021 - A"]
[Site "Olympik hotel, Sokolovska 138,"]
[Date "2021.08.10"]
[Round "6.15"]
[White "Djidjeli, Sofiane"]
[Black "Vorisek, Jakub"]
[Result "0-1"]
[WhiteElo "2223"]
[BlackElo "2151"]
[PlyCount "132"]
[EventDate "2021.08.06"]

1. e4 e6 2. d4 d5 3. e5 c5 4. c3 Nc6 5. Nf3 Bd7 6. Be2 Nge7 7. Na3 cxd4 8. cxd4
Nf5 9. Nc2 Be7 10. O-O O-O 11. Bd3 Nh4 12. Nxh4 Bxh4 13. f4 f5 14. g4 g6 15. g5
h6 16. Kh1 hxg5 17. fxg5 Kg7 18. Qd2 Rh8 19. Rg1 Qe7 20. Qf4 Rh7 21. Rg2 Rah8
22. Be2 Nd8 23. Bd2 Nf7 24. Rag1 a6 25. Ne1 Bxe1 26. Bxe1 Bb5 27. Bxb5 axb5 28.
Rc2 Rh3 29. Rgg2 R8h5 30. Qc1 Qd8 31. Rc7 Qh8 32. Bg3 Rxg3 33. Rxf7+ Kxf7 34.
Qc7+ Kg8 35. Qc8+ Kh7 36. Qxb7+ Qg7 37. Qxg7+ Kxg7 38. Rxg3 Rh4 39. Rd3 Rg4 40.
h3 Rxg5 41. Rb3 Rh5 42. Rxb5 Rxh3+ 43. Kg2 Rd3 44. Rb4 Kh6 45. a4 Kg5 46. a5
Kg4 47. a6 f4 48. a7 Rd2+ 49. Kf1 Rd1+ 50. Kf2 Ra1 51. Rb7 Ra2 52. Ke2 g5 53.
Kd2 f3 54. Ke3 Kg3 55. Rf7 g4 56. Rg7 Ra1 57. Rf7 Kg2 58. Rf4 g3 59. Rxf3 Rxa7
60. Rf6 Ra6 61. Rg6 Rb6 62. Kf4 Rb3 63. Rxe6 Kf2 64. Ra6 g2 65. Ra1 Re3 66. Kf5
Re1 0-1

[Event "Summer Prague Open 2021 - A"]
[Site "Olympik hotel, Sokolovska 138,"]
[Date "2021.08.10"]
[Round "6.16"]
[White "Nemec, Pavel"]
[Black "Ouaki, Mark"]
[Result "1-0"]
[WhiteElo "2213"]
[BlackElo "2081"]
[PlyCount "83"]
[EventDate "2021.08.06"]

1. e4 e5 2. Nf3 Nc6 3. Bb5 Nf6 4. Bxc6 dxc6 5. d3 Bd6 6. h3 h6 7. Nbd2 Be6 8.
b3 Qe7 9. Bb2 Nd7 10. Nc4 f6 11. Nh4 Qf7 12. Nf5 Bxf5 13. exf5 O-O-O 14. Qf3
Nb6 15. Nxb6+ cxb6 16. O-O Rhe8 17. Rfe1 Bc5 18. Re4 Rd7 19. b4 Bf8 20. a4 Rd5
21. Bc3 a6 22. Qe3 c5 23. b5 axb5 24. axb5 Red8 25. Rea4 Kc7 26. Qe4 Qd7 27.
Rb1 Qf7 28. Ra7 Qd7 29. g4 Rb8 30. Kg2 Rd8 31. f3 Kb8 32. Qa4 Kc7 33. Ra1 Rb8
34. Qc4 Be7 35. R1a6 Bd8 36. Ba5 Kc8 37. Bxb6 Qd6 38. Bc7 Rd4 39. Bxd6 Rxc4 40.
dxc4 Bc7 41. Bxc7 Kxc7 42. Rc6+ 1-0

[Event "Summer Prague Open 2021 - A"]
[Site "Olympik hotel, Sokolovska 138,"]
[Date "2021.08.10"]
[Round "6.17"]
[White "Jedlicka, Ales"]
[Black "Plesek, Jiri"]
[Result "1/2-1/2"]
[WhiteElo "2209"]
[BlackElo "1996"]
[PlyCount "99"]
[EventDate "2021.08.06"]

1. d4 d5 2. c4 e6 3. Nf3 c5 4. cxd5 exd5 5. g3 Nc6 6. Bg2 Nf6 7. O-O Be7 8. Bg5
cxd4 9. Nxd4 Qb6 10. Nb3 O-O 11. Nc3 d4 12. Bxf6 Bxf6 13. Nd5 Qd8 14. Nxf6+
Qxf6 15. Rc1 Bg4 16. Bxc6 bxc6 17. Qxd4 Bxe2 18. Qxf6 gxf6 19. Rfe1 Bf3 20. Nd4
Bd5 21. b3 Rfc8 22. f4 a5 23. Nf5 Kf8 24. Nd6 Rcb8 25. Ne4 Bxe4 26. Rxe4 Rb4
27. Rec4 Kg7 28. Kf2 c5 29. Rxb4 axb4 30. Rc2 f5 31. Ke3 Ra5 32. Kd3 Kg6 33.
Kc4 h5 34. Kd5 h4 35. gxh4 Kh5 36. Kd6 Kg4 37. Rf2 Kxh4 38. Rg2 Kh3 39. Rg5
Rxa2 40. Kxc5 f6 41. Rg6 Rf2 42. Kxb4 Rxf4+ 43. Kc5 Rg4 44. Rxf6 f4 45. b4 Kxh2
46. b5 Kg2 47. b6 f3 48. b7 Rg8 49. Kb6 f2 50. Ka7 1/2-1/2

[Event "Summer Prague Open 2021 - A"]
[Site "Olympik hotel, Sokolovska 138,"]
[Date "2021.08.10"]
[Round "6.18"]
[White "Neuman, Petr"]
[Black "Novotny, David"]
[Result "1-0"]
[WhiteElo "2402"]
[BlackElo "1923"]
[PlyCount "63"]
[EventDate "2021.08.06"]

1. c4 e6 2. Nc3 d5 3. d4 Be7 4. Nf3 Nf6 5. Bf4 c6 6. e3 O-O 7. Qc2 Nbd7 8. h3
b6 9. cxd5 cxd5 10. Nb5 Ba6 11. Qa4 Bxb5 12. Bxb5 a6 13. Bd3 b5 14. Qd1 Bb4+
15. Ke2 Qb6 16. a4 Bd6 17. Bxd6 Qxd6 18. axb5 axb5 19. Qb3 b4 20. Rhc1 e5 21.
Bb5 Qb6 22. Bxd7 Rxa1 23. Rxa1 Nxd7 24. Qxd5 Nf6 25. Qc5 Qb7 26. dxe5 Rc8 27.
Qd4 Ne4 28. Kf1 h6 29. Kg1 Rc2 30. e6 Nxf2 31. Rf1 fxe6 32. Rxf2 1-0

[Event "Summer Prague Open 2021 - A"]
[Site "Olympik hotel, Sokolovska 138,"]
[Date "2021.08.10"]
[Round "6.19"]
[White "Sorm, Daniel"]
[Black "Wollenweber, Carsten"]
[Result "1-0"]
[WhiteElo "2350"]
[BlackElo "2079"]
[PlyCount "51"]
[EventDate "2021.08.06"]

1. d4 g6 2. c4 Bg7 3. e4 d6 4. Nc3 e5 5. d5 Ne7 6. g4 c6 7. Bd3 O-O 8. h4 f5 9.
gxf5 gxf5 10. exf5 Bxf5 11. Nge2 Na6 12. Bg5 h6 13. Bxf5 Rxf5 14. Be3 Ng6 15.
Qc2 Nxh4 16. O-O-O Rf7 17. Ng3 Qe7 18. Qe4 Bf6 19. Rdg1 Rg7 20. dxc6 Bg5 21.
Nd5 Qf7 22. cxb7 Rb8 23. Bxg5 hxg5 24. Nh5 Nc5 25. Qc2 Nf3 26. Nhf6+ 1-0